| 000 | 01204njm a2200289Ia 4500 | ||
|---|---|---|---|
| 001 | 20523 | ||
| 003 | IT-RoPAU | ||
| 005 | 20220918181144.0 | ||
| 008 | 131025s9999 xx 000 0 und d | ||
| 040 | _aIT-RoPAU | ||
| 040 | _cIT-RoPAU | ||
| 041 | _aITALIANO | ||
| 999 |
_c101489 _d101489 |
||
| 999 | _bn.d. | ||
| 100 |
_aDeiss Lucien _91898 |
||
| 100 |
_eAutore musica _91899 |
||
| 100 |
_gCodice autore musica SPICS: 10857 _91900 |
||
| 245 | _aUn solo Signore | ||
| 250 | _a1a ed. | ||
| 260 | _aALBANO | ||
| 260 | _bEP - MUSICALI E DISCOGRAFICHE | ||
| 300 | _aDISCO | ||
| 500 | _aRaccolta di canti per l'assemblea del popolo di Dio. Canti ispirati alla Sacra Scrittura e alla tradizione. Canti liturgici. | ||
| 505 | _aCome rami d'ulivo - Popolo regale - Gloria a Dio - Donaci, Signore, un cuore nuovo - Alleluia la tua parola - Ricordati di Gesù Cristo - Sotto il tuo presidio - Un solo Signore - Terra tutta, dà lode a Dio - Cittadini del cielo - La gioia di Dio - Alleluia! Amen! - Si, io mi alzerò - Madre del bell'amore | ||
| 650 |
_aRELIGIOSO [DISCHI] _eCodice MATERIA SPICS: 9950 _9791 |
||
| 700 |
_aDeiss Lucien _eAutore testo e musica _gCodice autore testo/musica SPICS: 10857 _91901 |
||
| 942 |
_cMD _2ddc |
||